000 00336cam a2200133ua 4500
999 _c15407
_d15407
020 _a978818014242
082 _a629.2
_bKIR/AU
100 _aKirpal , Singh .
_93085
245 _aAutomobile engineering , Vol.1
250 _a14
260 _aNew Delhi :
_bStandard publishers Distributors ,
_c2017
300 _a770p ; .
942 _cBK